00542pab a2200181 454500008004000000100001700040245006300057260000900120300001600129362001100145650002000156650001200176773003400188908000600222909001000228999001700238952010500255180718b2007 xxu||||| |||| 00| 0 eng d aSen, Indrani aInscribing the Rani of Jhansi in colonial `Mutiny' fiction c2007 ap.1754-761. a12 May aIndia - History aHistory aEconomic and Political Weekly aN a74003 c74003d74003 00104070aIIPAbIIPAd2018-07-19hVolume no: 42, Issue no: 19pAR74463r2018-07-19w2018-07-19yAR